|
|
|
|
| LEADER |
00982nta a2200193 i 4500 |
| 001 |
dipl134875 |
| 005 |
20230914092632.0 |
| 008 |
230802s2022 hu om 0|| hun d |
| 040 |
|
|
|a SZTE Diploma Repozitórium
|b hun
|
| 041 |
|
|
|a hun
|
| 100 |
1 |
|
|a Kovács Alexa Kitti
|
| 245 |
1 |
2 |
|a A modern felnőttképzés kezdetei a dualizmus korában, törekvések a két világháború között
|h [elektronikus dokumentum] :
|b az olvasáson át vezet az út a tudás megszerzéséig: az analfabetizmus felszámolása /
|c Alexa Kitti Kovács
|
| 246 |
1 |
0 |
|a The beginning of modern adult education in the era of Dualism, efforts between the two World Wars : reading is the way to acquire knowledge: abolishing illiteracy
|h [elektronikus dokumentum]
|
| 260 |
|
|
|c 2022
|
| 650 |
|
4 |
|a Pedagógusképzés
|
| 650 |
|
4 |
|a Social sciences
|
| 650 |
|
4 |
|a Humanities
|
| 700 |
2 |
|
|a Tőkéné Molnár Gizella
|e ths
|
| 856 |
4 |
0 |
|u https://diploma.bibl.u-szeged.hu/id/eprint/134875/1/2022_kovacs_alexa_kitti.pdf
|z Dokumentum-elérés
|